| 000 | 01234cam a22003494a 4500 | ||
|---|---|---|---|
| 001 | 14052239 | ||
| 003 | OSt | ||
| 005 | 20180116183055.0 | ||
| 008 | 050726s2006 nyu 000 0 eng | ||
| 010 | _a 2005052530 | ||
| 020 | _a9780091912789 (hardcover) | ||
| 035 | _a(OCoLC)ocm61178282 | ||
| 040 |
_aDLC _cDLC _dYDX _dBAKER _dOCO _dBUR _dDLC |
||
| 042 | _apcc | ||
| 043 | _an-us--- | ||
| 050 | 0 | 0 |
_aHF5438.4 _b.F695 2006 |
| 082 | 0 | 0 |
_a658.81 FOX 2006 _222 |
| 100 | 1 |
_aFox, Jeffrey J., _d1945- |
|
| 245 | 1 | 0 |
_aSecrets of great rainmakers : _bthe keys to success and wealth / _cJeffrey J. Fox. |
| 250 | _a1st ed. | ||
| 260 |
_aNew York : _bHyperion, _cc2006. |
||
| 300 |
_axii, 183 p. ; _c20 cm. _bHB. |
||
| 440 | _aSecrets of great rainmakers :the keys to success and wealth | ||
| 500 | _aHB | ||
| 650 | 0 |
_aSales management _zUnited States. |
|
| 650 | 0 |
_aSelling _zUnited States. |
|
| 650 | 0 |
_aCustomer relations _zUnited States. |
|
| 650 | 0 |
_aSuccess in business _zUnited States. |
|
| 906 |
_a7 _bcbc _corignew _d1 _eocip _f20 _gy-gencatlg |
||
| 942 |
_2ddc _cBK |
||
| 999 |
_c351782 _d351782 |
||